| 000 -LEADER |
| fixed length control field |
00947nam a22002057a 4500 |
| 020 ## - INTERNATIONAL STANDARD BOOK NUMBER |
| ISBN |
9781337556477 |
| 082 ## - DEWEY DECIMAL CLASSIFICATION NUMBER |
| Classification number |
302.1 |
| Item number |
Z38 2019 |
| 100 ## - MAIN ENTRY--AUTHOR NAME |
| Personal name |
Zastrow, Charles, H., author. |
| 245 ## - TITLE STATEMENT |
| Title |
Understanding Human Behavior and the Social Environment / Charles H. Zastrow, Karen K. Kirst-Ashman, Sarah L. Hessenauer |
| 250 ## - EDITION STATEMENT |
| Edition statement |
Eleventh edition. |
| 260 ## - PUBLICATION, DISTRIBUTION, ETC. (IMPRINT) |
| Place of publication |
Boston, MA : |
| Name of publisher |
Cengage Learning, |
| Year of publication |
©2019 |
| 300 ## - PHYSICAL DESCRIPTION |
| Number of Pages |
1 online resource, xix, 803 pages, |
| Other physical details |
illustratrions (some color) |
| 500 ## - GENERAL NOTE |
| General note |
includes bibliographical references and index. |
| 520 ## - SUMMARY, ETC. |
| Summary, etc |
This textbook provides a comprehensive overview of human development and behavior using a systems-theory approach, focusing on the biological, psychological, and social factors that influence individuals throughout the life span. |
| 650 ## - SUBJECT ADDED ENTRY--TOPICAL TERM |
| Topical Term |
Human behavior. |
| 650 ## - SUBJECT ADDED ENTRY--TOPICAL TERM |
| Topical Term |
Social environment. |
| 700 ## - ADDED ENTRY--PERSONAL NAME |
| Personal name |
Kirst-Ashman, Karen K. |
| 700 ## - ADDED ENTRY--PERSONAL NAME |
| Personal name |
Hessenauer, Sarah L. |
| 942 ## - ADDED ENTRY ELEMENTS (KOHA) |
| Koha item type |
Electronic Books |